Democracy and the limits of minority rights. (Record no. 395)

MARC details
000 -LEADER
fixed length control field 00422nam a22001697a 4500
005 - DATE AND TIME OF LATEST TRANSACTION
control field 20160430121741.0
008 - FIXED-LENGTH DATA ELEMENTS--GENERAL INFORMATION
fixed length control field 160430b xxu||||| |||| 00| 0 eng d
020 ## - INTERNATIONAL STANDARD BOOK NUMBER
ISBN 81-7829-140-1
041 ## - LANGUAGE CODE
Language code of text/sound track or separate title eng
082 ## - DEWEY DECIMAL CLASSIFICATION NUMBER
Item number 1071
100 ## - MAIN ENTRY--AUTHOR NAME
Personal name Rajan Nalini
245 ## - TITLE STATEMENT
Title Democracy and the limits of minority rights.
260 ## - PUBLICATION, DISTRIBUTION, ETC. (IMPRINT)
Place of publication New Delhi
Name of publisher Sage Publication,
Year of publication 2002
300 ## - PHYSICAL DESCRIPTION
Number of Pages 235
650 ## - SUBJECT ADDED ENTRY--TOPICAL TERM
Topical Term Management
942 ## - ADDED ENTRY ELEMENTS (KOHA)
Koha item type Books
Holdings
Lost status Damaged status Collection code Home library Current library Shelving location Date acquired Cost, normal purchase price Full call number Accession Number Koha item type
    LIFE SKILL JRU Library JRU Library SHELF-43-G 30/04/2016 280.00 1071 1071 Books
    LIFE SKILL JRU Library JRU Library SHELF-43-G 30/04/2016 280.00 1071 1072 Books